000 00980nam a2200301 i 4500
003 EG-GICUC
005 20260429110339.0
008 260429s1908 fr fr|||| 00| 0 fre d
040 _aEG-GiCUC
_bfre
_cEG-GiCUC
_dEG-GiCUC
_eRda
041 _afre
082 0 4 _221
_a343.3
_bGR . D
092 0 4 _221
099 _aLaw1 10 343.3 GR . D 1908
100 1 _a Grandmoulin, J
_eAuteur
245 1 3 _a Le Droit Pénal Égyptien Indigène /
_cpar J. Grandmoulin.
_nTome Second
264 1 _aLe Caire :
_bImprimerie Nationale,
_c1908.
300 _a605 page;
_c 24 cm.
336 _2rda contenu
_a texte
337 _2rda medias
_aOrdinateur
338 _2 transporteur rda
_a Ressource en ligne
504 _a Comprend des références bibliographiques et un index.
546 _aTexte en français
650 1 _aDroit pénal
_2qrmak
651 1 _2qrmak
856 4 0 _uhttps://fll.law.cu.edu.eg/fulltext/bks/B10-09515.pdf
905 _a167
942 _2ddc
_cBK
_e21
_n0
999 _c74100
_d74100